Normal view
MARC view
- SAAD AHMED
Entry Personal Name
001 - CONTROL NUMBER
- control field: 72817
003 - CONTROL NUMBER IDENTIFIER
- control field: NUST
005 - DATE AND TIME OF LATEST TRANSACTION
- control field: 20210628204918.0
008 - FIXED-LENGTH DATA ELEMENTS
- fixed length control field: 210628|| aca||aabn | a|a d
040 ## - CATALOGING SOURCE
- Original cataloging agency: NUST
- Transcribing agency: NUST
100 ## - HEADING--PERSONAL NAME
- Personal name: SAAD AHMED
670 ## - SOURCE DATA FOUND
- Source citation: Work cat.: (NUST): SAAD AHMED , TH-SOF-0774-RISK ANALYSIS OF MULTI-STORY STRUCTURES USING RISK BREAKDOWN STRUCTURE, 2001
